| 000 | 00460nam a2200181Ia 4500 | ||
|---|---|---|---|
| 001 | 7577 | ||
| 005 | 20260306160505.0 | ||
| 008 | 260306t2006||||xx |||||||||||||| ||spa|| | ||
| 041 | _aESP | ||
| 082 |
_a352.140985 _bB74 |
||
| 100 |
_aBorda Rivera, Edgar _eAUT |
||
| 245 | 0 |
_aAportes para el Gobierno Regional 2007-2010: _bregión Arequipa |
|
| 260 | _c2006 | ||
| 300 |
_a62 páginas : _c26 cm. |
||
| 650 | _aGEN | ||
| 654 | _aCAN | ||
| 942 |
_cLIB _dJUS _fJUS _2ddc _n |
||
| 999 |
_c7577 _d7577 |
||